Palkuriki Somanatha/ (Record no. 55484)

MARC details
000 -LEADER
fixed length control field 00865nam a22002417a 4500
005 - DATE AND TIME OF LATEST TRANSACTION
control field 20110816122752.0
008 - FIXED-LENGTH DATA ELEMENTS--GENERAL INFORMATION
fixed length control field 110816t xxu||||| |||| 00| 0 eng d
010 ## - LCCN (DPL NO)
LC control number ENG-103502
020 ## - INTERNATIONAL STANDARD BOOK NUMBER
Terms of availability 40.00
International Standard Book Number 8126031336
035 ## - SYSTEM CONTROL NUMBER
System control number EN-87035
037 ## - SOURCE OF ACQUISITION
Source of stock number/acquisition DBAD/PUB
040 ## - CATALOGING SOURCE
Original cataloging agency DPL
Language of cataloging Eng
082 ## - DEWEY DECIMAL CLASSIFICATION NUMBER
Classification number 875.092
100 ## - MAIN ENTRY--PERSONAL NAME
9 (RLIN) 32849
Personal name Modigonda Shivaprasad
245 ## - TITLE STATEMENT
Title Palkuriki Somanatha/
Statement of responsibility, etc by Modigonda Shivaprasad
260 ## - PUBLICATION, DISTRIBUTION, ETC. (IMPRINT)
Place of publication, distribution, etc New Delhi
Name of publisher, distributor, etc Sahitya Akademi
Date of publication, distribution, etc 2011
270 ## - ADDRESS
Address Rabindra Bhavan,35,Ferozeshah Road,
City New Delhi
Postal code 110001
300 ## - PHYSICAL DESCRIPTION
Extent 88p.
Dimensions 22cm(pbk)
490 ## - SERIES STATEMENT
Series statement makers of Indian literature
-- 715
500 ## - GENERAL NOTE
General note Includes biblographical references
942 ## - ADDED ENTRY ELEMENTS (KOHA)
Source of classification or shelving scheme Dewey Decimal Classification
Item type English Books
Call number suffix MUD
Classification part 875.092
Holdings
Withdrawn status Lost status Source of classification or shelving scheme Damaged status Not for loan Collection code Home library Current library Date acquired Source of acquisition Cost, normal purchase price Total Checkouts Full call number Barcode Date last seen Copy number Cost, replacement price Koha item type
    Dewey Decimal Classification   Not For Loan Non-fiction D.B.Act.Division D.B.Act.Division 17/08/2011 DBAD / PUB 40.00   875.092MUD EN-87035 17/08/2011 1 40.00 English Books

© Delhi Public Library
Hit Counter
free hit counter